LEADER 01562nam a2200337 a 4500
001 0017214
003 BD-DhAAL
008 090820s2001 enka b 001 0 eng d
010 |a  2002277753 
020 |a 034074071X 
020 |a 0340740728 (pbk.) 
040 |a UKM  |c UKM  |d OCLCQ  |d C#P  |d DLC  |d BD-DhAAL 
082 0 0 |a 420.14  |2 21 
100 1 |a Gramley, Stephan,  |d 1943-  |9 58403 
245 1 4 |a The vocabulary of world English /  |c Stephan Gramley. 
260 |a London :  |b Arnold ;  |a New York :  |b Co-published in the United States of America by Oxford University Press,  |c 2001. 
300 |a xiv, 323 p. :  |b ill. ;  |c 25 cm 
490 0 |a The English language series 
504 |a Includes bibliographical references (p. [287]-296) and index. 
526 |a ENH  |x Shenin Ziauddin and Nazia Husain Faculty Members of BRAC University 
541 1 |e 0017214  |a Friends' Book Corner 
650 0 |a Lexicology.  |9 10949 
650 0 |a English language  |x Semantics. 
650 0 |a English language  |x Etymology.  |9 58404 
650 0 |a English language  |x Variation  |z English-speaking countries. 
650 0 |a English language  |x Variation  |z Foreign countries. 
650 0 |a Lexicology  |v Problems, exercises, etc.  |9 58405 
852 4 |a Ayesha Abed Library  |c General Stacks 
942 |2 ddc  |c BK 
999 |c 3304  |d 3304 
952 |0 0  |1 0  |2 ddc  |4 0  |6 420_140000000000000_GRA_2001  |7 0  |9 2996  |a BRACUL  |b BRACUL  |c GEN  |d 2009-08-31  |e Friends' Book Corner  |g 1235.00  |l 8  |m 15  |o 420.14 GRA  |p 3010017214  |r 2023-10-07  |s 2023-10-05  |t 1  |w 2009-08-31  |y BK  |x Requisitioned by Shenin Ziauddin and Nazia Husain (Faculty Members of BRAC University)